| 000 | 01388nam a2200301Ia 4500 | ||
|---|---|---|---|
| 001 | 3750 | ||
| 003 | IT-RoPAU | ||
| 008 | 130308s9999 xx 000 0 und d | ||
| 040 | _aIT-RoPAU | ||
| 040 | _cIT-RoPAU | ||
| 041 | _aITALIANO | ||
| 100 | _aTesta Aldo | ||
| 100 | _gCodice Aut. SPICS: 784 | ||
| 245 | _aCritica del linguaggio e nuovi atti e testimonianze di critica della religione | ||
| 245 | _bCritica del Linguaggio e Nuovi Atti e Testimonianze di Critica della Religione | ||
| 250 | _a1a ed. | ||
| 260 | _aROMA/BOLOGNA | ||
| 260 | _bBiblioteca Del Dialogo | ||
| 260 | _c1972 [1° Ed.:1972 - Ed.Ling.Originale:1972] | ||
| 300 | _a"246 p. (prefazione: no ; testo: 246)" | ||
| 500 | _aDialogica Diacritica Dialogicità della Struttura Proposizionalita'Universale Logica e Dialogica Fondamenti Dialogici Filosofia e Dialogica Dalla Glottologia Alla Glottosofia Linguaggio Universale Conoscenza e Azione della Comunicazione Contraddizione e Differenza Filosofia e Prassi Critica della Religione Comunicazione e Religione Dialogo e Dialogica Società Comunicazione Religione trionfo dell'amore Amore e Creazione Dio Fra I Popoli Fondamenti Dialogici della Critica del Linguaggio Critica Fondamentale Prospettiva Dialogica | ||
| 650 | _aLOGICA FILOSOFICA | ||
| 650 | _eCodice materia Spics: 3151 | ||
| 942 | _cBK | ||
| 957 | _71 | ||
| 999 |
_c65454 _d65454 |
||
| 999 | _bSI | ||
| 999 | _g1 | ||